| 000 | 00603nam a2200205 u 4500 | ||
|---|---|---|---|
| 005 | 20210223132750.0 | ||
| 008 | 151026s2004 mx r 000 0 spa d | ||
| 020 | _a9706287612 | ||
| 035 | _aUPN01000206363 | ||
| 049 | _aCG | ||
| 050 | 4 |
_aF1234.5 M8 _bN8.4 |
|
| 245 | 0 | 0 | _aNuevos estudios sobre Francisco J. Múgica. |
| 260 |
_aMéxico : _bINEHRM, _c2004. |
||
| 300 | _a763 p. | ||
| 440 | 0 | _aBiblioteca INEHRM | |
| 500 | _aEn la portada dice "Nuevos ensayos sobre Francisco J. Múgica" | ||
| 600 | 1 | 4 |
_aMUGICA VELAZQUEZ, FRANCISCO JOSE, _d1884-1954 _924499 |
| 905 | _aLibro | ||
| 999 |
_c178464 _d178464 |
||